[Event "21st Open"]
[Site "Reykjavik ISL"]
[Date "2004.03.07"]
[Round "1"]
[White "Thorsteinsson,T"]
[Black "Nakamura,H"]
[Result "0-1"]
[WhiteElo "2278"]
[BlackElo "2571"]

1.d4 Nf6 2.c4 g6 3.Nc3 Bg7 4.e4 d6 5.f3 O-O 6.Bg5 c5 7.d5 e6 8.Qd2 exd5 9.cxd5 h6
10.Be3 a6 11.a4 h5 12.Nge2 Nbd7 13.Nd1 Nh7 14.Nec3 f5 15.Be2 Be5 16.exf5 gxf5
17.Bf4 Bxf4 18.Qxf4 Qf6 19.Nf2 Ne5 20.O-O Bd7 21.Ra3 Rae8 22.Rb3 Bc8 23.Rb6 Qd8
24.a5 Rf6 25.Rc1 Qc7 26.b4 Nd7 27.bxc5 Nxb6 28.axb6 Qd8 29.c6 Qxb6 30.Rb1 Rxe2
31.Qg3+ Kh8 32.h4 Rb2 33.Re1 f4 34.Re8+ Nf8  0-1

[Event "21st Open"]
[Site "Reykjavik ISL"]
[Date "2004.03.08"]
[Round "2"]
[White "Nakamura,H"]
[Black "Zatonskih,A"]
[Result "1-0"]
[WhiteElo "2571"]
[BlackElo "2436"]

1.d4 Nf6 2.Bg5 e6 3.e4 h6 4.Bxf6 Qxf6 5.Nc3 Bb4 6.Qd2 b6 7.Nge2 Bb7 8.a3 Be7
9.g3 Qf3 10.Rg1 Bg5 11.Nf4 Bxf4 12.gxf4 Rg8 13.Rg3 Qh5 14.Rh3 Qg6 15.O-O-O d6
16.d5 Nd7 17.Nb5 Kd8 18.Qc3 Nc5 19.b4 Qxe4 20.bxc5 Qxf4+ 21.Re3 Bxd5 22.cxb6 c6
23.Rxd5 exd5 24.b7 Kd7 25.bxa8=Q Rxa8 26.Bh3+  1-0

[Event "21st Open"]
[Site "Reykjavik ISL"]
[Date "2004.03.10"]
[Round "4"]
[White "Erenburg,S"]
[Black "Nakamura,H"]
[Result "1-0"]
[WhiteElo "2523"]
[BlackElo "2571"]

1.e4 c5 2.Nf3 d6 3.d4 cxd4 4.Nxd4 Nf6 5.Nc3 a6 6.f3 e5 7.Nb3 Be6 8.Be3 Nbd7
9.Qd2 h5 10.a4 Be7 11.Be2 g6 12.a5 h4 13.O-O Kf8 14.Nd5 Bxd5 15.exd5 Rc8
16.c4 Kg7 17.Rac1 Nh5 18.Rfd1 Nf4 19.Bf1 Bg5 20.Na1 Nf6 21.b4 N6h5 22.c5 Ng3
23.c6 h3 24.hxg3 h2+ 25.Kh1 Nh5 26.Qe1 Bxe3 27.g4 Bxc1 28.gxh5 Bb2 29.Nb3 b5
30.Qd2 Bd4 31.Nxd4 exd4 32.hxg6 fxg6 33.Qxd4+ Kf7 34.Bd3 Re8 35.Be4 Qf6 36.Qb6 Rb8
37.Qa7+ Qe7 38.Qe3 Qf6 39.Rc1 Re7 40.Qh6 Qg7 41.Qh3 Rh8 42.Qg4 Qh6 43.Rc2 Qg7
44.Rc1 Qh6 45.Re1 g5 46.Rc1 Rc7 47.Bf5 Qh4 48.Bd7 Qxg4 49.Bxg4 Ke7 50.Re1+ Kd8
51.Re6 Rf7 52.Rxd6+ Kc7 53.Rg6 Rf4 54.Rg7+ Kd6 55.Rd7+ Ke5 56.c7 Rc4 57.Bh3 Rh6
58.Kxh2 g4 59.fxg4 Rd6 60.Rf7 Kxd5 61.g5 Rdc6 62.g6  1-0

[Event "21st Open"]
[Site "Reykjavik ISL"]
[Date "2004.03.15"]
[Round "8"]
[White "Vidarsson,J"]
[Black "Nakamura,H"]
[Result "0-1"]
[WhiteElo "2333"]
[BlackElo "2571"]

1.e4 c5 2.Nc3 d6 3.Bb5+ Nd7 4.a4 Nf6 5.f4 a6 6.Bc4 b6 7.Nf3 e6 8.Qe2 Bb7
9.d3 Be7 10.O-O O-O 11.Ba2 Bc6 12.d4 d5 13.exd5 exd5 14.Kh1 Bd6 15.Ne5 Bb7
16.Qf3 cxd4 17.Nxd7 Qxd7 18.Nxd5 Bc5 19.Nxf6+ gxf6 20.Qh5 Kh8 21.Bd2 Rg8
22.Rg1 Qc6 23.Qh3 d3 24.Bxf7 Rg7 25.Bb3 Bxg1 26.Rxg1 dxc2 27.Qc3 Qxc3  0-1

[Event "21st Open"]
[Site "Reykjavik ISL"]
[Date "2004.03.16"]
[Round "9"]
[White "Nakamura,H"]
[Black "Hillarp Persson,T"]
[Result "0-1"]
[WhiteElo "2571"]
[BlackElo "2530"]

1.d4 e6 2.c4 f5 3.g3 Nf6 4.Bg2 c6 5.Nf3 d5 6.O-O Bd6 7.b3 Qe7 8.Bb2 O-O 9.Qc1 Bd7
10.Ba3 Be8 11.Bxd6 Qxd6 12.Na3 Bh5 13.Nc2 Nbd7 14.Rd1 Bxf3 15.c5 Qc7 16.exf3 f4
17.Ne1 Rae8 18.Nd3 fxg3 19.hxg3 e5 20.f4 e4 21.Ne5 g5 22.Nxd7 Qxd7 23.fxg5 Ng4
24.Rf1 Qf7 25.g6 Qxg6 26.Bh3 Re6 27.Kg2 Ref6 28.Bxg4 Qxg4 29.Qd2 Rf5 30.Qe3 R8f6
31.Rae1 Rf3 32.Qc1 h5 33.Re3 h4 34.Rxf3 Rxf3 35.Qe1 e3 36.Kh2 Rxf2+ 37.Rxf2 hxg3+  0-1

[Event "V Millennium Festival"]
[Site "Virginia Beach USA"]
[Date "2004.04.02"]
[Round "1"]
[White "Rogalski,T"]
[Black "Nakamura,H"]
[Result "0-1"]
[WhiteElo "2119"]
[BlackElo "2571"]

1.e4 c5 2.Nf3 Nc6 3.d4 cxd4 4.Nxd4 Nf6 5.Nc3 e5 6.Ndb5 d6 7.Bg5 a6 8.Na3 b5
9.Nd5 Be7 10.Bxf6 Bxf6 11.c3 Ne7 12.Nxe7 Bxe7 13.Nc2 Bb7 14.Bd3 O-O 15.Ne3 Bg5
16.Nd5 Bxd5 17.exd5 e4 18.Bc2 e3 19.O-O exf2+ 20.Rxf2 Be3 21.Bxh7+ Kh8 22.Qh5 Bxf2+
23.Kxf2 Qf6+ 24.Bf5+ Qh6 25.Qxh6+ gxh6 26.Ke3 Rfe8+ 27.Kd3 Re5 28.Be4 Rae8
29.Bf3 Re1 30.Rxe1 Rxe1 31.Kc2 Kg7 32.Kb3 Kf6 33.a4 bxa4+ 34.Kxa4 Ra1+ 35.Kb4 Ke5
36.b3 f5 37.Kc4 a5 38.Kb5 Ra3 39.Kc4 Kf4 40.Bh5 Ra2 41.Bf3 Rb2  0-1

[Event "6th Foxwoods Open"]
[Site "Connecticut USA"]
[Date "2004.04.08"]
[Round "2"]
[White "Goletiani,R"]
[Black "Nakamura,H"]
[Result "0-1"]
[WhiteElo "2352"]
[BlackElo "2580"]

1.Nf3 Nf6 2.b3 d6 3.d4 g6 4.Bb2 Bg7 5.e3 O-O 6.Be2 c6 7.c4 Qc7 8.O-O Nbd7
9.Nc3 Re8 10.b4 e5 11.dxe5 dxe5 12.c5 b6 13.cxb6 axb6 14.Rc1 Qb8 15.Ng5 b5
16.Qb3 Re7 17.a4 h6 18.Nf3 bxa4 19.Nxa4 Ba6 20.Bxa6 Rxa6 21.h3 Nd5 22.Rc4 Re6
23.Rfc1 Bf8 24.Bc3 Qb5 25.Nb2 c5 26.Rxc5 Nxc5 27.Qxd5 Qb7 28.Qxb7 Nxb7 29.Nxe5 Nd6
30.Nbd3 Ra3 31.Bb2 Rb3 32.f4 Nf5 33.Rc8 Rd6 34.Nc5 Rxb2 35.Ncd7 Rd1+ 36.Kh2 Nd6
37.Rxf8+ Kg7 38.f5 gxf5 39.Rd8 Rdd2  0-1

[Event "6th Foxwoods Open"]
[Site "Connecticut USA"]
[Date "2004.04.09"]
[Round "4"]
[White "Shabalov,A"]
[Black "Nakamura,H"]
[Result "1/2-1/2"]
[WhiteElo "2624"]
[BlackElo "2580"]

1.d4 Nf6 2.c4 g6 3.Nc3 Bg7 4.e4 d6 5.Nf3 O-O 6.Be2 e5 7.O-O Na6 8.Be3 Ng4
9.Bg5 Qe8 10.dxe5 dxe5 11.h3 f6 12.Bd2 Nh6 13.c5 c6 14.Bxa6 bxa6 15.Qa4 Rb8
16.Rad1 Nf7 17.Bc1 Nd8 18.Rd6 Rf7 19.Rfd1 Be6 20.Be3 a5 21.R6d3 Nb7 22.Qc2 Bf8
23.Na4 g5 24.Nd2 Rg7 25.Nf1 Rd8 26.Ng3 Rgd7 27.b3 Rxd3 28.Rxd3 Rxd3 29.Qxd3 Bc8
30.Kh2 h5 31.Nf5 Qd7 32.Qc4+ Qe6 33.Qc3 h4 34.Bc1 Qd7 35.Ba3 Qh7 36.Qc4+ Qf7
37.Nd6 Bxd6 38.cxd6 Qxc4 39.bxc4 c5 40.d7  1/2-1/2

[Event "Decameron Open"]
[Site "Santo Domingo DOM"]
[Date "2004.04.25"]
[Round "4"]
[White "Nakamura,H"]
[Black "Lugo,B"]
[Result "1-0"]
[WhiteElo "2580"]
[BlackElo "2395"]

1.d4 d5 2.c4 c6 3.Nf3 Nf6 4.Nc3 a6 5.e3 b5 6.b3 Bg4 7.h3 Bxf3 8.gxf3 Nbd7
9.f4 g6 10.Bd2 Bg7 11.c5 O-O 12.Qc2 Ne8 13.O-O-O f6 14.f5 e5 15.f4 Qe7 16.h4 Nc7
17.Bh3 gxf5 18.Bxf5 Kh8 19.Rdg1 Bh6 20.Qd1 Ne6 21.Ne2 Rg8 22.Kb2 Rxg1 23.Rxg1 Rg8
24.Rxg8+ Kxg8 25.Qg1+ Kh8 26.Qg4 Ndf8 27.Bd3 e4 28.Bc2 Qg7 29.Qh3 Qd7 30.f5 Ng7
31.Ng3 Ng6 32.Bd1 Ne7 33.Bg4 a5 34.Qf1 Qc7 35.Qe1 b4 36.a3 bxa3+ 37.Kxa3 Qb7
38.Qf2 Qc7 39.Nh5 Nxh5 40.Bxh5 Qd7 41.Bg4 Qc7 42.Qe1 Qa7 43.Ka4 Qb8 44.Qe2 Qg3
45.h5 Qg1 46.Kxa5 Qa1+ 47.Kb4 Nc8 48.Qd1 Qa2 49.Kc3 Na7 50.Be2 Bf8 51.Qc1 Nb5+
52.Bxb5 Qa5+ 53.Kb2 Qxb5 54.Qe1 Qd3 55.Bc1 Bh6 56.Qd2 Qb5 57.Qh2 Bg5 58.h6 Kg8
59.Bd2 Qb7 60.Qd6 Bxh6 61.Qxf6 Bg7 62.Qe6+ Qf7 63.b4 Qxe6 64.fxe6 Kf8 65.b5  1-0

[Event "Chicago Open"]
[Site "Chicago USA"]
[Date "2004.05.31"]
[Round "6"]
[White "Golod,V"]
[Black "Nakamura,H"]
[Result "1/2-1/2"]
[WhiteElo "2552"]
[BlackElo "2580"]

1.d4 Nf6 2.Nf3 g6 3.c4 Bg7 4.Nc3 d5 5.Bf4 c5 6.dxc5 Qa5 7.cxd5 Nxd5 8.Qxd5 Bxc3+
9.Bd2 Be6 10.Bxc3 Qxc3+ 11.Qd2 Qxd2+ 12.Nxd2 Na6 13.e3 Nxc5  1/2-1/2

[Event "Chicago Open"]
[Site "Chicago USA"]
[Date "2004.05.31"]
[Round "7"]
[White "Shabalov,A"]
[Black "Nakamura,H"]
[Result "1-0"]
[WhiteElo "2624"]
[BlackElo "2580"]

1.d4 Nf6 2.c4 g6 3.Nc3 d5 4.Nf3 Bg7 5.Qb3 dxc4 6.Qxc4 O-O 7.e4 Na6 8.Be2 c5
9.d5 e6 10.O-O exd5 11.exd5 Bf5 12.Be3 Qb6 13.b3 Rfe8 14.Rad1 Ng4 15.Bd2 Rad8
16.Rfe1 Bd4 17.Nxd4 cxd4 18.Na4 Qc7 19.Bxg4 Qxc4 20.bxc4 Bxg4 21.f3 Bd7 22.Nb2 b5
23.Ba5 Rxe1+ 24.Bxe1 bxc4 25.Nxc4 Bb5 26.Rxd4 Bxc4 27.Rxc4 Rxd5 28.Bc3 Rd8
29.Bf6 Re8 30.Bd4 Nb8 31.Bxa7 Nd7 32.Bd4 Ra8 33.Rc7 Nf8 34.Ra7 Rd8 35.Be3 Kg7
36.a4 Ne6 37.a5 Rd3 38.Kf2 Ra3 39.Bb6 Rb3 40.Ke2 Kf8 41.Kd2 Ke8 42.Kc2 Rb4
43.Kc3 Rb1 44.Be3 Ra1 45.Kb2 Ra4 46.a6 Kd8 47.Ra8+ Kd7 48.a7 h5 49.Rb8 Nc7
50.Kb3 Ra1 51.h4 Ra6 52.Bf2 Ra1 53.Bb6 Kc6 54.Bxc7 Rxa7 55.Bf4 Kd7 56.Rb6 Ra1
57.Kc3 Rg1 58.Rb2 f6 59.Kd3 Rh1 60.g3 Ke6 61.Rb6+ Kf5 62.Bd2 Rd1 63.Ke2  1-0

[Event "32nd World Open"]
[Site "Philadelphia USA"]
[Date "2004.07.04"]
[Round "7"]
[White "Nakamura,H"]
[Black "Shabalov,A"]
[Result "1/2-1/2"]
[WhiteElo "2601"]
[BlackElo "2605"]

1.d4 d5 2.c4 c6 3.Nf3 Nf6 4.e3 e6 5.Nc3 Nbd7 6.Bd3 dxc4 7.Bxc4 b5 8.Bd3 Bb7
9.O-O a6 10.e4 c5 11.d5 Qc7 12.dxe6 fxe6 13.Bc2 Bd6 14.Ng5 Nf8 15.f4 h6 16.Nh3 O-O-O
17.Qe2 e5 18.f5 N8d7 19.Be3 Nb8 20.a4 b4 21.Nd5 Nxd5 22.exd5 Bxd5 23.Bd3 Kb7
24.Nf2 Qc6 25.Qg4 h5 26.Qg5 Nd7 27.Rfc1 h4 28.h3 Nf6 29.Be2 Rd7 30.Bc4 Be7
31.Nd3 Rh5 32.Qxg7 Rxf5 33.Bxd5 Qxd5 34.Rd1 Bd6 35.Qh6 Qc6 36.Rac1 c4 37.Qg6 Nd5
38.Qxf5 Nxe3 39.Qxd7+ Qxd7 40.Nc5+ Bxc5 41.Rxd7+ Kc6 42.Rd2 Bd4 43.Kf2 Kc5
44.Kf3 b3 45.g4 hxg3 46.Kxg3 Nd5 47.Kf3 Kb4 48.Ke4 c3 49.bxc3+ Nxc3+ 50.Kd3 Nxa4
51.Rc4+ Ka3 52.Rxd4 exd4 53.Kxd4 b2 54.Rxb2  1/2-1/2

[Event "US Open"]
[Site "Fort Lauderdale USA"]
[Date "2004.08.13"]
[Round "7"]
[White "Nakamura,H"]
[Black "Castaneda,N"]
[Result "1-0"]
[WhiteElo "2601"]
[BlackElo "2288"]

1.c4 Nf6 2.Nc3 e6 3.e4 d5 4.e5 Nfd7 5.d4 dxc4 6.Nf3 Nb6 7.Be3 Be7 8.Nd2 f5
9.Nxc4 Nd5 10.Be2 O-O 11.O-O b6 12.Nxd5 exd5 13.Na3 Bb7 14.Nb5 Qd7 15.Rc1 Nc6
16.Nc3 Nd8 17.f4 Ne6 18.a3 a6 19.b4 c6 20.g4 g6 21.gxf5 gxf5 22.Rf3 Kh8 23.Bd3 Rf7
24.Rh3 Rg8+ 25.Kh1 c5 26.Qh5 Nd8 27.Ne2 c4 28.Bb1 Bc8 29.Ng3 Bf8 30.Re1 h6
31.Qf3 Qe6 32.Rh5 Qg6 33.Rg1 Qh7 34.Qf1 Be6 35.Qh3  1-0

[Event "US Open"]
[Site "Fort Lauderdale USA"]
[Date "2004.08.14"]
[Round "8"]
[White "Matikozian,A"]
[Black "Nakamura,H"]
[Result "1-0"]
[WhiteElo "2470"]
[BlackElo "2601"]

1.e4 c5 2.Nc3 Nc6 3.Nf3 Nf6 4.Bb5 Qc7 5.O-O Nd4 6.Re1 a6 7.e5 Nxb5 8.exf6 gxf6
9.Ne4 Bg7 10.d4 f5 11.Nxc5 Nxd4 12.Nxd4 Qxc5 13.Be3 Bf6 14.b4 Qxb4 15.Nxf5 d5
16.Rb1 Qxe1+ 17.Qxe1 Bxf5 18.Rxb7 O-O 19.Bc5 Rab8 20.Qb4 a5 21.Qb3 Rxb7 22.Qxb7 Bxc2
23.Qxd5 Rc8 24.Be3 a4 25.h4 e6 26.Qf3 Be5 27.Qg4+ Kf8 28.Bh6+ Ke7 29.Qg5+ Kd6
30.Qe3 Bf6 31.Qb6+ Kd7 32.Bf4 Be7 33.Qb7+ Kd8 34.Bd2  1-0

[Event "113th NY Masters Blitz Playoff"]
[Site "New York USA"]
[Date "2004.08.17"]
[Round "1"]
[White "Benjamin,Joe"]
[Black "Nakamura,H"]
[Result "1-0"]
[WhiteElo "2566"]
[BlackElo "2601"]

1.e4 c5 2.Nf3 Nc6 3.Nc3 Nf6 4.Bb5 Qc7 5.O-O Nd4 6.Nxd4 cxd4 7.Nd5 Nxd5 8.exd5 a6
9.Ba4 g6 10.d3 b5 11.Bb3 Bg7 12.d6 Qc6 13.dxe7 d5 14.Qf3 Be6 15.Bg5 h6 16.Bf6 Rg8
17.Bxg7 Rxg7 18.Qf6 Rg8 19.Rfe1 Ra7 20.a4 b4 21.a5 Bd7 22.Qxd4 Rc7 23.Bxd5 Qc5
24.Qf4 Bf5 25.Bb3 Rxe7 26.d4 Qc8 27.Qd6 Qd8 28.Ba4+ Bd7 29.Bxd7+ Qxd7 30.Qb8+ Qd8
31.Rxe7+ Kxe7 32.Re1+ Kd7 33.Qb7+ Kd6 34.Qxb4+ Kc6 35.Qc5+ Kd7 36.Qa7+ Kd6
37.Qxa6+ Kd7  1-0

[Event "113th NY Masters"]
[Site "New York USA"]
[Date "2004.08.17"]
[Round "4"]
[White "Nakamura,H"]
[Black "Benjamin,Joe"]
[Result "1/2-1/2"]
[WhiteElo "2601"]
[BlackElo "2566"]

1.d4 Nf6 2.c4 e6 3.Nc3 Bb4 4.Qc2 O-O 5.a3 Bxc3+ 6.Qxc3 d6 7.Bg5 Nbd7 8.e3 b6
9.Ne2 Bb7 10.Qd3 Be4 11.Qd2 Bg6 12.Nc3 e5 13.Be2 Re8 14.O-O h6 15.Bh4 Ne4
16.Bxd8 Nxd2 17.Bxc7 exd4 18.exd4 Rxe2 19.Nxe2 Nxf1 20.Kxf1 Rc8 21.Bxd6 Rxc4
22.Rc1 Rxc1+ 23.Nxc1 f6 24.Na2 Kf7 25.Nc3 Bd3+ 26.Ke1 f5 27.Be5 Bc4 28.Kd2 g5
29.g3 a6 30.Ke3 b5 31.f4 Nb6 32.Nb1 Nd5+ 33.Kf2 Bd3 34.Nd2 Bc2 35.fxg5 hxg5
36.Nf3 g4 37.Ng5+ Ke7 38.Ke2 Bb3 39.h4 gxh3 40.Nxh3 Bc4+ 41.Kf3 Bf1 42.Nf2 Ke6
43.g4 fxg4+ 44.Nxg4 Bd3 45.Bf4 Nf6 46.Nf2 Bc2 47.Ke2 Ne4 48.Nh3 Nf6 49.Bd2 Kd5
50.Be3 Bf5 51.Ng5 Kc4 52.Kd1 Nd5 53.Bf2 Kb3 54.Kc1 Nf4 55.Bh4 Nd3+ 56.Kd2 Nxb2
57.d5 Nc4+ 58.Kc1 Kxa3 59.Nf3 b4 60.Be7 a5 61.Nd4 Bd7 62.Nc2+ Kb3 63.Bf8 Kc3
64.Bg7+ Kd3 65.Nd4 Ke4 66.d6 Nxd6 67.Nb3 Nb7 68.Bf8 a4 69.Nc5+ Nxc5 70.Bxc5 b3
71.Kb2  1/2-1/2

[Event "State-ch"]
[Site "New York USA"]
[Date "2004.09.05"]
[Round "3"]
[White "Nakamura,H"]
[Black "Karklins,A"]
[Result "1-0"]
[WhiteElo "2601"]
[BlackElo "2298"]

1.c4 f5 2.g3 Nf6 3.Bg2 e6 4.d4 Be7 5.Nf3 O-O 6.O-O Qe8 7.Nc3 Bd8 8.b3 Qh5
9.Qc2 Nc6 10.Bb2 d5 11.e3 a5 12.a3 Ne7 13.Ne5 Ng4 14.Nxg4 fxg4 15.e4 dxc4
16.bxc4 e5 17.d5 Ra6 18.Bc1 Ng6 19.Ne2 Bg5 20.Bxg5 Qxg5 21.Qc1 Qh5 22.Qe3 Raf6
23.Rac1 Nh8 24.Bh1 g5 25.Rc2 Rh6 26.h4 gxh4 27.f4 h3 28.Kh2 Rhf6 29.f5 b6
30.Nc1 Nf7 31.Nd3 Ba6 32.Rb1 Re8 33.Nf2 Kh8 34.c5 Qg5 35.Qxg5 Nxg5 36.Nxg4 Rff8
37.Nf2 bxc5 38.Rxc5 Rb8 39.Rcc1 Rfc8 40.Nxh3 Rxb1 41.Rxb1 Nf7 42.Bf3 h6 43.Nf2 Kg7
44.Rc1 Bb7 45.Nd3 c6 46.d6 Rd8 47.Nc5 Bc8 48.d7 Bxd7 49.Rb1 Bc8 50.Rb6 Ng5
51.Bg2 Rd2 52.Kg1 Rd6 53.Kf2 Kf6 54.Ke3 Ke7 55.Nb3 Kd8 56.Nxa5 Kc7 57.Nc4 Rd1  1-0

[Event "117th NY Masters"]
[Site "New York USA"]
[Date "2004.09.14"]
[Round "4"]
[White "Yudasin,L"]
[Black "Nakamura,H"]
[Result "1/2-1/2"]
[WhiteElo "2556"]
[BlackElo "2601"]

1.e4 c5 2.Nf3 Nc6 3.Bb5 Nf6 4.Bxc6 dxc6 5.d3 g6 6.Bd2 Bg7 7.Bc3 O-O 8.Nbd2 Re8
9.O-O b6 10.Re1 Nd7 11.Bxg7 Kxg7 12.Nc4 e5 13.Nd6 Re7 14.Nxc8 Rxc8 15.Qd2 Nf8
16.a3 f6 17.b4 Ne6 18.bxc5 Nxc5 19.a4 Ne6 20.Qc3 Qd6 21.Nd2 Qc5 22.Qxc5 Nxc5
23.f3 Ne6 24.Kf2 Nd4 25.Ra2 Rd7 26.Nc4 Re8 27.Rb2 Rde7 28.Nd6 Rd8 29.Nc4 Rde8
30.Nd6 Rd8 31.Nc4 Rf8 32.Nd2 Rd8 33.Nb3 Ne6 34.g3 Rf7 35.Nd2 Nc5 36.Ra2 Ne6
37.Nb3 Rdf8 38.Kg2 Re8 39.Raa1 Rd8 40.Kf2 Rdf8  1/2-1/2

[Event "118th NY Masters"]
[Site "New York USA"]
[Date "2004.09.21"]
[Round "3"]
[White "Bonin,J"]
[Black "Nakamura,H"]
[Result "0-1"]
[WhiteElo "2342"]
[BlackElo "2601"]

1.c4 e5 2.Nc3 Nc6 3.Nf3 f5 4.d4 e4 5.Ng5 Nf6 6.Nh3 Bb4 7.Bg5 h6 8.Bxf6 Qxf6
9.e3 Bxc3+ 10.bxc3 g5 11.Qh5+ Qf7 12.Qxf7+ Kxf7 13.c5 Na5 14.f3 b6 15.fxe4 fxe4
16.Nf2 Bb7 17.Bb5 d6 18.O-O Kg7 19.Rad1 Bd5 20.Ng4 Rhf8 21.a3 Bc4 22.Bxc4 Nxc4
23.cxd6 cxd6 24.d5 Rxf1+ 25.Kxf1 Nxa3 26.Rd4 h5 27.Nf2 Nb5 28.Rc4 a5 29.Nxe4 a4
30.Rb4 a3 31.Rb1 a2 32.Ra1 Re8 33.Nxg5 Nxc3 34.Ke1 b5 35.Kd2 b4 36.Ne6+ Kf6
37.Nd4 Ra8 38.Kc2 Nxd5 39.Kb2 Nxe3 40.g3 Ra3 41.Rxa2 Nd1+ 42.Ka1 Rd3 43.Nc6 b3
44.Re2 b2+  0-1

[Event "Monarch Assurance"]
[Site "Port Erin IOM"]
[Date "2004.09.25"]
[Round "1"]
[White "Nakamura,H"]
[Black "Pert,R"]
[Result "1-0"]
[WhiteElo "2601"]
[BlackElo "2407"]

1.e4 c5 2.Nc3 Nc6 3.Nf3 g6 4.d4 cxd4 5.Nxd4 Bg7 6.Be3 Nf6 7.Bc4 O-O 8.Bb3 d6
9.h3 Na5 10.O-O b6 11.Re1 Nxb3 12.axb3 Bb7 13.Bg5 h6 14.Bh4 Re8 15.Qd2 a6
16.Rad1 Kh7 17.f4 Qc7 18.Qf2 e6 19.Nf3 b5 20.b4 Rac8 21.Rd2 Kg8 22.e5 dxe5
23.fxe5 Nd7 24.Red1 Bc6 25.Rxd7 Bxd7 26.Nh2 h5 27.Ne4 Bxe5 28.Nf3 Bg7 29.Nf6+ Bxf6
30.Bxf6 e5 31.Qe3 Re6 32.Bxe5 Rxe5 33.Qxe5 Qxe5 34.Nxe5 Bf5 35.c3 f6 36.Nf3 Kf7
37.Rd6 Ra8 38.Nd4 a5 39.Nxf5 gxf5 40.bxa5 Rxa5 41.Rb6 f4 42.Kf2 Kg6 43.Kf3 Kf5
44.b4  1-0

[Event "Monarch Assurance"]
[Site "Port Erin IOM"]
[Date "2004.10.01"]
[Round "7"]
[White "Nakamura,H"]
[Black "Chandler,M"]
[Result "1/2-1/2"]
[WhiteElo "2601"]
[BlackElo "2531"]

1.e4 c6 2.d4 d5 3.e5 Bf5 4.Be3 e6 5.Nd2 Ne7 6.c3 Bg6 7.f4 h5 8.Ngf3 Nf5 9.Bf2 Qc7
10.b4 a5 11.a3 Nd7 12.Be2 Be7 13.O-O b5 14.a4 axb4 15.axb5 O-O 16.Qb3 Ra3
17.Rxa3 bxa3 18.c4 dxc4 19.Nxc4 cxb5 20.Nxa3 b4 21.Nc4 Ra8 22.Nfd2 Nb6 23.Nxb6 Qxb6
24.Qb2 Qa5 25.Bc4 Qa3 26.Qb3 Rd8 27.Nf3 Qxb3 28.Bxb3 Rc8 29.Ra1 Rc3 30.Bd1 b3
31.Be1 Rd3 32.Ra8+ Kh7 33.Be2 Rxd4 34.Nxd4 Nxd4 35.Bc4 b2 36.Ba2 b1=Q 37.Bxb1 Bxb1
38.Kf2 Nf5 39.Rc8 Be4 40.g3 Kg6 41.Bb4 Bxb4 42.Rc4 Bd5 43.Rxb4 Nh6 44.Rb8 Kf5
45.Rh8 Kg4 46.Rc8 Kh3 47.Kg1 Ng4 48.Rc2 h4 49.gxh4 Kxh4 50.Rc3 Nh6 51.Rg3 Nf5
52.Rg5 Bf3 53.Kf2 Bg4 54.Kg2 g6 55.h3 Bxh3+ 56.Kf3 Nd4+ 57.Ke3 Nc2+ 58.Kf3 Ne1+
59.Ke2 Bg4+ 60.Kxe1 Kg3 61.f5 exf5 62.e6 fxe6 63.Rxg6 f4 64.Rg5 f3 65.Rg8 e5
66.Rf8 Kg2 67.Kd2 f2 68.Ke3 f1=Q 69.Rxf1 Kxf1 70.Ke4  1/2-1/2

[Event "Monarch Assurance"]
[Site "Port Erin IOM"]
[Date "2004.10.03"]
[Round "9"]
[White "Nakamura,H"]
[Black "Rowson,J"]
[Result "0-1"]
[WhiteElo "2601"]
[BlackElo "2558"]

1.e4 c5 2.Nf3 d6 3.d4 cxd4 4.Nxd4 Nf6 5.Nc3 a6 6.Be3 Ng4 7.Bc1 Nf6 8.Be3 Ng4
9.Bg5 h6 10.Bh4 g5 11.Bg3 Bg7 12.Qd2 Nc6 13.Nb3 Be6 14.f3 Nge5 15.Nd5 b5
16.Bf2 Rb8 17.c3 Nc4 18.Qc2 Qd7 19.Be2 f5 20.O-O fxe4 21.fxe4 O-O 22.a4 Qb7
23.axb5 axb5 24.h4 g4 25.Nd2 N4e5 26.b4 Ng6 27.g3 Nge5 28.Be3 Rbc8 29.Qa2 Nf3+
30.Nxf3 gxf3 31.Bxf3 Ne5 32.Bh5 Rxf1+ 33.Rxf1 Rxc3 34.Qd2 Nc4 35.Qf2 Nxe3
36.Bf7+ Kh8 37.Bxe6 Nxd5 38.Bxd5 Qc8 39.Qe1 Bd4+ 40.Kg2 Rc2+ 41.Kf3 h5  0-1

[Event "121st NY Masters"]
[Site "New York USA"]
[Date "2004.10.12"]
[Round "2"]
[White "Rohde,M"]
[Black "Nakamura,H"]
[Result "0-1"]
[WhiteElo "2506"]
[BlackElo "2620"]

1.Nf3 d5 2.c4 d4 3.a3 a5 4.e3 Nc6 5.Nxd4 Nxd4 6.exd4 Qxd4 7.Nc3 Nf6 8.Be2 Bf5
9.d3 e5 10.Qb3 Be7 11.Qxb7 O-O 12.O-O Qd7 13.Qf3 Rab8 14.Rd1 Rfd8 15.Qg3 Qe6
16.Re1 Bd6 17.Nb5 Nd7 18.Be3 c6 19.Nxd6 Qxd6 20.Rab1 Nf8 21.Red1 Rb3 22.c5 Qc7
23.Bg5 Rdb8 24.Qf3 Bg6 25.h4 e4 26.Qg4 exd3 27.Bf3 h5 28.Qa4 Ne6 29.Be3 d2
30.Ra1 Rxb2 31.Qxc6 Qxc6 32.Bxc6 Rd8 33.Bf3 Nd4 34.c6 Nb3 35.c7 Rc8 36.Bf4 Bc2
37.Bb7  0-1

[Event "121st NY Masters"]
[Site "New York USA"]
[Date "2004.10.12"]
[Round "3"]
[White "Nakamura,H"]
[Black "Wojtkiewicz,A"]
[Result "1-0"]
[WhiteElo "2620"]
[BlackElo "2539"]

1.e4 c5 2.Nf3 g6 3.d4 Bg7 4.dxc5 Qa5+ 5.c3 Qxc5 6.Na3 d6 7.Nb5 a6 8.Be3 Qc6
9.Nbd4 Qc7 10.Be2 Nf6 11.Nd2 O-O 12.O-O Nc6 13.a4 d5 14.Nxc6 bxc6 15.exd5 cxd5
16.f4 h5 17.Bd4 Bg4 18.h3 Bxe2 19.Qxe2 e6 20.b4 Nd7 21.Qe3 Bxd4 22.Qxd4 Rfc8
23.Rf3 a5 24.Nb3 axb4 25.cxb4 Qd6 26.Nd2 e5 27.fxe5 Nxe5 28.Rb3 Nc6 29.Qb2 Rab8
30.b5 Qc5+ 31.Kh1 Nd4 32.Rd3 Nf5 33.Qe5 Rd8 34.Ne4 Qe7 35.Nf6+ Kf8 36.Nd7+ Qxd7
37.Qh8+ Ke7 38.Re1+ Qe6 39.Rxe6+ Kxe6 40.Qb2 h4 41.b6 d4 42.a5 Rd6 43.b7 Kd5
44.a6  1-0

[Event "124th NY Masters"]
[Site "New York USA"]
[Date "2004.11.09"]
[Round "2"]
[White "Wojtkiewicz,A"]
[Black "Nakamura,H"]
[Result "1/2-1/2"]
[WhiteElo "2539"]
[BlackElo "2620"]

1.Nf3 d5 2.d4 Nf6 3.c4 c6 4.Qc2 g6 5.Bf4 Bg7 6.e3 O-O 7.Nc3 c5 8.dxc5 Qa5
9.Rd1 Be6 10.Nd4 Qxc5 11.Nxe6 fxe6 12.Be2 Nc6 13.O-O Rad8 14.a3 d4 15.b4 Qf5
16.Bd3 Qh5 17.Be2 Qf5 18.Bd3 Qh5 19.Be2 Qf5 20.Bd3  1/2-1/2

[Event "125th NY Masters"]
[Site "New York USA"]
[Date "2004.11.16"]
[Round "1"]
[White "Schneider,Ig"]
[Black "Nakamura,H"]
[Result "0-1"]
[WhiteElo "2315"]
[BlackElo "2620"]

1.e4 c5 2.Nf3 e6 3.Nc3 a6 4.g3 b5 5.Bg2 Bb7 6.d3 d6 7.O-O Nd7 8.Qe2 Qc7 9.Ng5 Ngf6
10.f4 b4 11.Nb1 h6 12.Nh3 Be7 13.Nd2 O-O 14.g4 Nh7 15.Nf3 c4 16.dxc4 Rac8
17.b3 d5 18.exd5 Bc5+ 19.Kh1 exd5 20.cxd5 Ndf6 21.g5 Rfe8 22.Qd3 Nxd5 23.gxh6 Rcd8
24.Nhg5 Ndf6 25.Qc4 Nxg5 26.fxg5 Re4 27.gxf6 Rxc4 28.bxc4 g6 29.Bb2 Bf8 30.Rae1 Bxf3
31.Bxf3 Qxc4 32.Be4 Re8 33.h7+ Kxh7  0-1

[Event "125th NY Masters"]
[Site "New York USA"]
[Date "2004.11.16"]
[Round "3"]
[White "Miton,K"]
[Black "Nakamura,H"]
[Result "1/2-1/2"]
[WhiteElo "2600"]
[BlackElo "2620"]

1.d4 Nf6 2.c4 g6 3.Nf3 Bg7 4.g3 O-O 5.Bg2 d6 6.O-O Nc6 7.Nc3 a6 8.b3 Rb8
9.Bb2 b5 10.cxb5 axb5 11.Qc2 e6 12.e4 Bd7 13.e5 Nb4 14.Qd2 Nfd5 15.Ne4 Bc6
16.Ba3 Na6 17.Rfe1 b4 18.Bb2 Rb6 19.h4 Ne7 20.exd6 cxd6 21.d5 Nxd5 22.Bxg7 Kxg7
23.h5 Nf6 24.h6+ Kg8 25.Nxf6+ Qxf6 26.Qxd6 Rd8 27.Qe5 Qxe5 28.Nxe5 Bxg2 29.Kxg2 Nc7
30.Rac1 Nd5 31.Rc4 f6 32.Nc6 Re8 33.Ree4 e5 34.Nxb4 Ne7 35.Rc7 Nf5 36.Nc6 Nxh6
37.Ra4 Nf7 38.Raa7 Ng5 39.Ne7+ Kf8 40.Nd5 Rd6 41.Ne3 f5 42.Nc4 Rd3 43.Rd7 Rc3
44.Ne3 f4 45.gxf4 exf4 46.Nd5 f3+ 47.Kh2 Rc2 48.Nf6 Rxf2+ 49.Kg3 Rg2+ 50.Kf4 Nh3+
51.Kxf3 Rf2+ 52.Kg4 Rxf6 53.Kxh3 Re3+ 54.Kg2 Re2+ 55.Kg3 Re3+ 56.Kg2 Re2+  1/2-1/2

[Event "Match"]
[Site "Cuernavaca MEX"]
[Date "2004.12.09"]
[Round "1"]
[White "Nakamura,H"]
[Black "Karjakin,Sergey"]
[Result "1-0"]
[WhiteElo "2620"]
[BlackElo "2576"]

1.e4 e5 2.Nf3 Nc6 3.d4 exd4 4.Nxd4 Nf6 5.Nc3 Bb4 6.Nxc6 bxc6 7.Bd3 d5 8.exd5 O-O
9.O-O cxd5 10.Bg5 c6 11.Na4 h6 12.Bh4 Re8 13.c4 Bd6 14.Rc1 Rb8 15.b3 Be6
16.cxd5 Bxd5 17.Bc4 Bf4 18.Rc3 Be5 19.Rc2 Qd6 20.Bxf6 Bxf6 21.Bxd5 cxd5 22.Nc5 Be5
23.g3 Rbc8 24.Nd3 Bc3 25.Nf4 d4 26.Qd3 Ba5 27.Rc4 Rxc4 28.bxc4 Qe5 29.Rb1 Bc3
30.Rb7 Re7 31.Rb5 Qd6 32.Nd5 Re6 33.Rb7 Re8 34.Qf3 Rf8 35.Rxa7 Bb4 36.Qf5 Bc5
37.Rc7 Ba3 38.c5 Bxc5 39.Rxc5 g6 40.Nf6+ Kg7 41.Ne4  1-0

[Event "Match"]
[Site "Cuernavaca MEX"]
[Date "2004.12.12"]
[Round "4"]
[White "Karjakin,Sergey"]
[Black "Nakamura,H"]
[Result "1/2-1/2"]
[WhiteElo "2576"]
[BlackElo "2620"]

1.e4 c5 2.Nf3 d6 3.d4 cxd4 4.Nxd4 Nf6 5.Nc3 a6 6.Be3 e6 7.f3 b5 8.g4 Nfd7
9.Qd2 Nb6 10.O-O-O N8d7 11.Bg5 Qc7 12.Ndxb5 axb5 13.Nxb5 Qc6 14.Nxd6+ Bxd6
15.Qxd6 Qxd6 16.Rxd6 O-O 17.Be3 Na4 18.b3 Nac5 19.a4 Na6 20.Be2 Ne5 21.Rhd1 Nb8
22.Bc5 Ba6 23.c4 Re8 24.Be3 Bb7 25.Rb6 Bc6 26.Bf4 f6 27.Rd6 Rc8 28.Bxe5 fxe5
29.Rxe6 Kf7 30.Rd6 Ke7 31.c5 Ra5 32.b4 Rxa4 33.Bc4 Ra7 34.Kb2 Rac7 35.Re6+ Kf8
36.Rxe5 Nd7 37.Rf5+ Ke8 38.Ra6 g6 39.Rf7 Bb5 40.Bxb5 Kxf7 41.Bc4+ Kg7 42.f4 Rb8
43.Kc3 Nf6 44.Bd3 Nxg4 45.c6 g5 46.Be2 Nf6 47.Bf3 gxf4 48.e5 Nd7 49.Ra5 Rb6
50.Kc4 Rbxc6+ 51.Bxc6 Rxc6+ 52.Kd5 Rc7 53.Kd6 Rb7 54.Kc6 Rxb4 55.Kxd7 Rb7+
56.Kd6 f3 57.Ra2 Rb3 58.Kd5 Re3 59.Rf2 Kf7  1/2-1/2